banner-ar

HARMONISATION OF TESTING PRACTICE FOR HIGH TEMPERATURE MESTERIES / (Record no. 17259)

MARC details
000 -الفاتح
حقل البيانات ثابتة الطول 00449nam a2200157Ia 4500
008 - عناصر البيانات ثابتة الطول - معلومات عامة
حقل البيانات ثابتة الطول 140319s9999 xx 000 0 eng d
040 ## - مصدر الفهرسة
وكالة الفهرسة الأصلية GCL /
وكالة النسخ GCL
082 04 - رقم تصنيف ديوى العشرى
رقم التصنيف 620.11217
رقم المادة L H
100 1# - المدخل الرئيسى - إسم شخصى
الإسم الشخصى HABERMAS, JURGEN
245 10 - بيان العنوان
العنوان HARMONISATION OF TESTING PRACTICE FOR HIGH TEMPERATURE MESTERIES /
بيان المسئوليه,etc HABERMAS, JURGEN
260 ## - PUBLICATION, DISTRIBUTION, ETC. (IMPRINT)
تاريخ النشر أو التوزيع 1992
300 ## - الوصف المادى
التعداد 409 P
650 04 - المدخل الاضافى بالموضوع-مصطلح موضوعى
مصطلح موضوعي TEMPERATURE
942 ## - عناصر المدخل الإضافي( كوها)
مصدر التصنيف او مخطط الترفيف Dewey Decimal Classification
Koha [default] item type كتاب
260 ## - PUBLICATION, DISTRIBUTION, ETC. (IMPRINT)
-- [S.N] :
-- ABT AKVERT SKIRA S.A ،
Holdings
حالة التراجع حالة الفقد حالة تلف ليس للاعارة المكان المؤقت الموقع الحالى تاريخ الاكتساب اجمالي اﻻعارات رقم الطلب الباركود تاريخ اخر مشاهدة تاريخ تفعيل السعر نوع وعاء كوها
        مكتبة القاهرة الكبرى مكتبة القاهرة الكبرى 03/26/2014   620.11217\L H 31087 03/26/2014 03/26/2014 كتاب

Powered By

EGPV